Central Library and Information Centre
Sibsagar Girls' College, Sivasagar : Assam

A CRITICAL HISTORY OF ENGLISH LANGUAGE (Record no. 6232)

MARC details
000 -LEADER
fixed length control field 00424cam a2200169ua 4500
008 - FIXED-LENGTH DATA ELEMENTS--GENERAL INFORMATION
fixed length control field 060101n1995 II |||gr||||Z||||||eng
040 ## - CATALOGING SOURCE
Original cataloging agency MAIN
041 ## - LANGUAGE CODE
-- English
082 ## - DEWEY DECIMAL CLASSIFICATION NUMBER
Classification number 417 KUR
100 ## - MAIN ENTRY--PERSONAL NAME
Personal name KURIAN, ANNA.
245 ## - TITLE STATEMENT
Title A CRITICAL HISTORY OF ENGLISH LANGUAGE
260 ## - PUBLICATION, DISTRIBUTION, ETC.
Place of publication, distribution, etc. GUWAHATI
Name of publisher, distributor, etc. STUDENTS STORES
Date of publication, distribution, etc. 1995
300 ## - PHYSICAL DESCRIPTION
Extent 265:
Dimensions 22CM.
942 ## - ADDED ENTRY ELEMENTS (KOHA)
Koha item type Books
653 ## - INDEX TERM--UNCONTROLLED
Uncontrolled term Dialectology & historical linguistics
Holdings
Withdrawn status Lost status Damaged status Not for loan Collection code Home library Current library Shelving location Date acquired Full call number Barcode Date last seen Copy number Price effective from Koha item type
        REFHIS Central Library and Information Centre Sibsagar Girls College Central Library and Information Centre Sibsagar Girls College Location Not Found 05.02.1997 417 KUR 14246 27.02.2020 1 27.02.2020 Books


Sibsagar Girl's College © 2020. All rights reserved.
Powered by Koha.
Maintained by Abhijit Borpuzari.